000 00377nam a2200145Ia 4500
008 230917s9999||||xx |||||||||||||| ||und||
040 _e184310
_aMAIN
041 _aEnglish
082 _a647.94 K761G
100 _aKnowles, Tim
245 0 _aFood safty in the hospitality industry
260 _aOxford
_bButterworth- Heinemann
_c2003
300 _aviii, 339 p.
942 _cBK
999 _c164511
_d164511